Optimalizácia laboratórnych meraní prostredníctvom automatizovaného zberu a spracovania dát

Na minha lista:
Detalhes bibliográficos
Autor principal: Šuvada, Andrej (Author)
Outros Autores: Habara, Marek (Thesis advisor)
Formato: Manuscrito Livro
Idioma:eslovaco
Publicado em: 2024
Assuntos:
Acesso em linha:http://is.stuba.sk/zp/portal_zp.pl?podrobnosti=185303
Tags: Adicionar Tag
Sem tags, seja o primeiro a adicionar uma tag!

MARC

LEADER 00000ntm a22000003a 4500
001 stuzp97216
003 SK-STU
005 20240622210405.0
007 ta
008 150427s2015----xo-----f-mn---000-0-slo-d
040 |a STU  |b slo 
041 0 |a slo 
100 1 |a Šuvada, Andrej  |u 020020  |4 aut  |U SjF Strojnícka fakulta  |T SjF Ústav automatizácie, informatizácie a merania  |X 117391  |U J0020  |Y 802  |7 117391 
242 0 1 |a Optimization of laboratory measurements through automated data collection and processing  |y eng 
245 1 0 |a Optimalizácia laboratórnych meraní prostredníctvom automatizovaného zberu a spracovania dát 
260 |c 2024 
650 4 |a Pitotova trubica  |2 slo 
650 4 |a meranie teploty  |2 slo 
650 4 |a teplotný snímač  |2 slo 
650 4 |a Arduino  |2 slo 
650 4 |a polohovanie  |2 slo 
650 4 |a Pitot tube  |2 eng 
650 4 |a temperature measurement  |2 eng 
650 4 |a temperature sensor  |2 eng 
650 4 |a Arduino  |2 eng 
650 4 |a positioning  |2 eng 
700 1 |a Habara, Marek  |u 020020  |k Z3  |4 ths  |U SjF Strojnícka fakulta  |T SjF Ústav automatizácie, informatizácie a merania  |X 87297  |U J0020  |Y 802  |7 87297 
856 4 |u http://is.stuba.sk/zp/portal_zp.pl?podrobnosti=185303